La modelización en matemática : marco de referencia y aplicaciones /
Guardado en:
| Autor Principal: | |
|---|---|
| Formato: | Libro |
| Publicado: |
Villa María: Gided,
2018
|
| Materias: | |
| Etiquetas: |
Agregar Etiqueta
Sin Etiquetas, Sea el primero en etiquetar este registro!
|
| LEADER | 00638nam a22001935a 4500 | ||
|---|---|---|---|
| 001 | CEM.cems014943 | ||
| 008 | 130507s2018##################000#0#####d | ||
| 005 | 20210805165339.0 | ||
| 003 | CEMS | ||
| 245 | 1 | 0 | |a La modelización en matemática : |b marco de referencia y aplicaciones / |c Marcel David Pochulu ... y Otros ; compilado Por Marcel David Pochulu |
| 260 | |a Villa María: Gided, |c 2018 | ||
| 300 | |a 233 p. | ||
| 590 | |a 1346.018 | ||
| 020 | |a 9789874273178 | ||
| 100 | 1 | |a Pochulu, Marcel David | |
| 653 | |a Matemática | ||
| 653 | |a Didáctica de la matemática | ||
| 653 | |a Biblioteca TC | ||
| 859 | |a CEMS |b BIB. CEMS - 11 de abril |h TC |p 1346.18 |t Ej.1 | ||
